[Event "DEN-ch sf2"]
[Site "Svendborg"]
[Date "2024.03.29"]
[Round "6"]
[White "Jensen, Soren"]
[Black "Derlich, Sarah Sima"]
[Result "1-0"]
[WhiteElo "1945"]
[BlackElo "1864"]
[PlyCount "43"]
[EventDate "2024.03.29"]
[EventType "swiss"]
[EventRounds "7"]
[EventCountry "DEN"]
[SourceTitle "CB16_2024"]
[SourceDate "2024.04.17"]
[SourceVersion "1"]
[SourceVersionDate "2024.04.17"]
[SourceQuality "1"]

1. e4 c6 2. d4 d5 3. Nc3 dxe4 4. Bc4 Nf6 5. f3 exf3 6. Nxf3 e6 7. 0-0 Be7 8. Qe1 0-0 9. Bd3 Nbd7 10. Qh4 Re8 11. Ne5 Nf8 12. Bg5 Bd7 13. Rf3 Ng6 14. Bxg6 hxg6 15. Raf1 Bc8 16. Ne2 c5 17. c3 Bd7 18. Nxf7 Kxf7 19. Bxf6 Bxf6 20. Rxf6+ gxf6 21. Qh7+ Kf8 22. Nf4 1-0

[Event "Copenhagen-ch"]
[Site "Copenhagen"]
[Date "2004.10.17"]
[Round "9"]
[White "Andersen, Ejnar"]
[Black "Jensen, Soren"]
[Result "1-0"]
[WhiteElo "2048"]
[BlackElo "2047"]
[PlyCount "69"]
[EventDate "2004.10.09"]
[EventType "swiss"]
[EventRounds "9"]
[EventCountry "DEN"]
[SourceTitle "EXT 2018"]
[Source "ChessBase"]
[SourceDate "2017.10.13"]
[SourceVersion "1"]
[SourceVersionDate "2017.10.13"]
[SourceQuality "1"]

1. d4 Nf6 2. g3 d5 3. Bg2 e6 4. Nd2 Be7 5. Ngf3 0-0 6. 0-0 b5 7. b3 Nbd7 8. Bb2 Bb7 9. Rc1 c5 10. c4 dxc4 11. bxc4 b4 12. e3 Qb6 13. Nb3 Rfd8 14. Qe2 a5 15. dxc5 Nxc5 16. Nxc5 Qxc5 17. Nd4 Bxg2 18. Kxg2 Nd7 19. f4 Bf6 20. Rf2 Rac8 21. Qf3 Qb6 22. g4 Nc5 23. g5 Be7 24. f5 Bxg5 25. fxe6 f6 26. e7 Rd7 27. Nf5 g6 28. h4 gxf5 29. hxg5 Rxe7 30. gxf6 Rf7 31. Rd2 Ne4 32. Qxf5 Qc6 33. Rd5 Nxf6 34. Rf1 Rcc7 35. Bxf6 1-0

[Event "Copenhagen-ch"]
[Site "Copenhagen"]
[Date "2004.10.12"]
[Round "4"]
[White "Jensen, Soren"]
[Black "Larsen, Hans Haagen"]
[Result "1-0"]
[WhiteElo "2047"]
[BlackElo "1885"]
[PlyCount "95"]
[EventDate "2004.10.09"]
[EventType "swiss"]
[EventRounds "9"]
[EventCountry "DEN"]
[SourceTitle "EXT 2018"]
[Source "ChessBase"]
[SourceDate "2017.10.13"]
[SourceVersion "1"]
[SourceVersionDate "2017.10.13"]
[SourceQuality "1"]

1. d4 d6 2. c4 g6 3. Nc3 Bg7 4. e4 Nc6 5. Be3 e5 6. d5 Nce7 7. Bd3 f5 8. f3 Nf6 9. Nge2 a6 10. Qd2 0-0 11. 0-0-0 f4 12. Bf2 g5 13. g3 Ng6 14. gxf4 gxf4 15. Kb1 Bh3 16. Rhg1 Nh5 17. Nc1 Kh8 18. Bf1 Qd7 19. Nd3 Rg8 20. Rg5 Nf6 21. c5 Bh6 22. Rg1 Bxf1 23. Rdxf1 Qh3 24. Be1 Nh4 25. Bxh4 Qxh4 26. cxd6 cxd6 27. Qf2 Qxf2 28. Nxf2 Rxg1 29. Rxg1 Rg8 30. Rxg8+ Kxg8 31. Kc2 Bf8 32. Kd3 Be7 33. b4 b5 34. a4 bxa4 35. Nxa4 Bd8 36. Kc4 Kf7 37. b5 axb5+ 38. Kxb5 Nd7 39. Ng4 Bg5 40. Nb6 h5 41. Nh6+ Bxh6 42. Nxd7 Ke7 43. Kc6 Bg5 44. Nb6 Bh4 45. Nc8+ Kd8 46. Nxd6 Bf6 47. Nf5 h4 48. h3 1-0

[Event "Politiken Cup 26th"]
[Site "Copenhagen"]
[Date "2004.07.25"]
[Round "2"]
[White "Jensen, Soren"]
[Black "Bae, Torstein"]
[Result "0-1"]
[WhiteElo "2090"]
[BlackElo "2269"]
[PlyCount "48"]
[EventDate "2004.07.24"]
[EventType "swiss"]
[EventRounds "10"]
[EventCountry "DEN"]
[SourceTitle "CBM 101 Extra"]
[Source "ChessBase"]
[SourceDate "2004.09.01"]
[SourceVersion "2"]
[SourceVersionDate "2004.09.01"]
[SourceQuality "1"]

1. d4 d5 2. c4 c6 3. Nf3 Nf6 4. Nc3 a6 5. c5 Nbd7 6. Bf4 Nh5 7. e3 Nxf4 8. exf4 b6 9. b4 g6 10. Be2 Bg7 11. Rc1 0-0 12. 0-0 a5 13. a3 axb4 14. axb4 Ra3 15. Qd2 bxc5 16. bxc5 Qa5 17. Ne5 Nxe5 18. fxe5 f6 19. f4 fxe5 20. fxe5 Rxf1+ 21. Kxf1 Bf5 22. Nb1 Qxd2 23. Nxd2 Bh6 24. Ke1 Ra2 0-1

[Event "Copenhagen AS04 Centenary"]
[Site "Copenhagen"]
[Date "2004.02.15"]
[Round "9"]
[White "Petersen, Nils"]
[Black "Jensen, Soren"]
[Result "0-1"]
[WhiteElo "1989"]
[BlackElo "2109"]
[PlyCount "88"]
[EventDate "2004.02.07"]
[EventType "swiss"]
[EventRounds "9"]
[EventCountry "DEN"]
[SourceTitle "CBM 098 Extra"]
[Source "ChessBase"]
[SourceDate "2004.03.10"]
[SourceVersion "2"]
[SourceVersionDate "2004.03.10"]
[SourceQuality "1"]

1. c4 c5 2. g3 g6 3. Bg2 Bg7 4. Nf3 Nc6 5. 0-0 e6 6. e3 Nge7 7. d4 cxd4 8. exd4 d5 9. cxd5 Nxd5 10. b3 0-0 11. Bb2 b6 12. Na3 Ba6 13. Re1 Rc8 14. Nc2 Ncb4 15. Nxb4 Nxb4 16. Ba3 Nc2 17. Bxf8 Bxf8 18. Rc1 Nxe1 19. Qxe1 Ba3 20. Rd1 Rc2 21. Qe4 Rxa2 22. h4 Qc8 23. Ne5 Be2 24. Re1 Bb5 25. h5 Bb4 26. hxg6 hxg6 27. Nxg6 Kg7 28. Rb1 Qc2 29. Qxc2 Rxc2 30. Nf4 Rd2 31. d5 e5 32. Nh3 Bc5 33. Be4 Bd7 34. b4 Bd4 35. Kg2 f5 36. Rc1 fxe4 37. Rc7 e3 38. Rxd7+ Kf8 39. d6 e2 40. Ng5 e4 41. Rf7+ Kg8 42. d7 Bc3 43. Nxe4 Kxf7 44. Nxd2 Ke7 0-1

[Event "Politiken Cup 25th"]
[Site "Copenhagen"]
[Date "2003.07.23"]
[Round "9"]
[White "Olsen, Miriam F"]
[Black "Jensen, Soren"]
[Result "1-0"]
[WhiteElo "2036"]
[BlackElo "2123"]
[PlyCount "73"]
[EventDate "2003.07.14"]
[EventType "swiss"]
[EventRounds "11"]
[EventCountry "DEN"]
[SourceTitle "CBM 095 Extra"]
[Source "ChessBase"]
[SourceDate "2003.09.04"]
[SourceVersion "1"]
[SourceVersionDate "2003.09.04"]
[SourceQuality "1"]

1. e4 e5 2. Nf3 Bc5 3. Bc4 d6 4. c3 Be6 5. Qe2 Nc6 6. b4 Bb6 7. Na3 Nf6 8. 0-0 Qd7 9. Bxe6 fxe6 10. Nc4 0-0 11. a4 a6 12. Nxb6 cxb6 13. h3 Qc7 14. Ba3 Rfe8 15. d4 Nd7 16. Qc4 Qb8 17. d5 Nd8 18. Rfd1 Qc8 19. Qb3 Kh8 20. Ng5 Nf6 21. dxe6 h6 22. Nf7+ Nxf7 23. exf7 Re6 24. f8Q+ Qxf8 25. Qxe6 Nxe4 26. Qa2 Nxc3 27. Qe6 Ne2+ 28. Kf1 Ng3+ 29. Ke1 Ne4 30. Ra2 Nc3 31. Rad2 Qf4 32. Rc1 Ne4 33. Rc8+ Kh7 34. Rdc2 Rxc8 35. Qxc8 d5 36. Qg4 Qh2 37. Qf5+ 1-0

[Event "Politiken Cup 25th"]
[Site "Copenhagen"]
[Date "2003.07.17"]
[Round "4"]
[White "Jensen, Soren"]
[Black "Tandrup, Michael"]
[Result "0-1"]
[WhiteElo "2123"]
[BlackElo "1984"]
[PlyCount "104"]
[EventDate "2003.07.14"]
[EventType "swiss"]
[EventRounds "11"]
[EventCountry "DEN"]
[SourceTitle "CBM 095 Extra"]
[Source "ChessBase"]
[SourceDate "2003.09.04"]
[SourceVersion "1"]
[SourceVersionDate "2003.09.04"]
[SourceQuality "1"]

1. e4 c5 2. f4 e6 3. Nf3 Nc6 4. b3 d5 5. e5 Nge7 6. Bb2 Nf5 7. Qe2 a6 8. a3 Be7 9. g3 b5 10. Qg2 Bb7 11. Bd3 g6 12. h4 h5 13. Nc3 Ncd4 14. Nxd4 Nxd4 15. Nd1 Nc6 16. Be2 Qc7 17. Nf2 c4 18. b4 Qb6 19. Bf3 a5 20. c3 axb4 21. cxb4 Nd4 22. 0-0 Nf5 23. Kh2 Ra6 24. Nh3 Ra7 25. Ng5 Bd8 26. Rad1 Bxg5 27. hxg5 d4 28. Bxb7 Rxb7 29. Ra1 0-0 30. Rfc1 Rd8 31. a4 bxa4 32. Rxc4 Qb5 33. Qf1 Rc7 34. Rxc7 Qxb4 35. Qc1 Qb3 36. Bc3 dxc3 37. Rxc3 Qb5 38. Qe1 Qb2 39. Rd1 Nd4 40. Qe4 Nb5 41. Rd3 Rc8 42. Qb7 Rf8 43. Kh3 a3 44. Rxa3 Qxa3 45. Qxb5 Qf3 46. Qf1 Qg4+ 47. Kg2 Rd8 48. Qf3 Qf5 49. d3 Kg7 50. Rd2 Rd4 51. Qe3 Rd7 52. Qe4 Qxe4+ 0-1

[Event "Lovsprings op 06th D"]
[Site "Ringsted"]
[Date "1994.04.03"]
[Round "2"]
[White "Jensen, Soren"]
[Black "Hojlund, Ib"]
[Result "1-0"]
[WhiteElo "1534"]
[BlackElo "1540"]
[PlyCount "101"]
[EventDate "1994.03.27"]
[EventType "swiss"]
[EventRounds "7"]
[EventCountry "DEN"]
[SourceTitle "EXT 2023"]
[Source "ChessBase"]
[SourceDate "2022.10.05"]
[SourceVersion "1"]
[SourceVersionDate "2022.10.05"]
[SourceQuality "1"]

1. Nf3 b6 2. g3 Bb7 3. Bg2 Nf6 4. 0-0 d5 5. c4 d4 6. d3 c5 7. Na3 e6 8. Bf4 Nh5 9. Bg5 Be7 10. Qc1 f6 11. Bd2 f5 12. Re1 0-0 13. Nxd4 Bxg2 14. Nxe6 Qc8 15. Nxf8 Bh3 16. Nxh7 Kxh7 17. Bg5 Bd6 18. Nb5 Qc6 19. e4 Nd7 20. Nxd6 Qxd6 21. Qe3 Rf8 22. exf5 Rxf5 23. Qe4 Ne5 24. Bf4 Nxf4 25. gxf4 Nxd3 26. Re3 Nxf2 27. Kxf2 Bg4 28. Rd3 Qh6 29. h3 Qh4+ 30. Kg2 Kg8 31. hxg4 Qxg4+ 32. Rg3 Qxf4 33. Qxf4 Rxf4 34. b3 Rd4 35. Kf3 Kf7 36. Ke3 g6 37. Rag1 Rd6 38. R1g2 a6 39. Ke4 Kg7 40. Ke5 Rf6 41. Rg5 Rc6 42. Kd5 Rf6 43. Rxg6+ Rxg6 44. Rxg6+ Kxg6 45. Kc6 Kf6 46. Kxb6 Ke6 47. Kxc5 Kd7 48. Kb6 Kd6 49. c5+ Kd7 50. Kb7 a5 51. c6+ 1-0

[Event "Politiken Cup 16th"]
[Site "Copenhagen"]
[Date "1994.??.??"]
[Round "5"]
[White "Jensen, Soren"]
[Black "Sinkbaek, Aage"]
[Result "1/2-1/2"]
[WhiteElo "1990"]
[BlackElo "2220"]
[PlyCount "97"]
[EventDate "1994.06.??"]
[EventType "swiss"]
[EventRounds "10"]
[EventCountry "DEN"]
[SourceTitle "EXT 1999"]
[Source "ChessBase"]
[SourceDate "1998.11.16"]
[SourceVersion "1"]
[SourceVersionDate "1998.11.16"]
[SourceQuality "1"]

1. e4 d5 2. exd5 Qxd5 3. Nc3 Qa5 4. Bc4 Nf6 5. d3 c6 6. Bd2 Bg4 7. f3 Qe5+ 8. Qe2 Qxe2+ 9. Ngxe2 Bf5 10. 0-0-0 e6 11. g4 Bg6 12. h4 h6 13. Rdg1 Nbd7 14. f4 h5 15. g5 Ng8 16. Ne4 Nb6 17. Bb3 0-0-0 18. Ba5 Ne7 19. N2g3 Nf5 20. Nxf5 Bxf5 21. Re1 Bd6 22. Nxd6+ Rxd6 23. Bc3 Rg8 24. Re3 Nd5 25. Bxd5 cxd5 26. Bd4 Kd7 27. Bxa7 Ra6 28. Bd4 Rxa2 29. b3 Rc8 30. Rh2 g6 31. Kb1 Raa8 32. Rh1 b5 33. Rc1 b4 34. Rg3 Kc6 35. Re3 Kb5 36. Rg3 Ra3 37. Re3 Rca8 38. Rg3 Rc8 39. Re3 Rca8 40. Rg3 Bg4 41. Re3 Kc6 42. Rg3 Kd6 43. Re3 Rc8 44. Rg3 Bf5 45. Re3 Ra5 46. Rg3 Ra6 47. Re3 Kc6 48. Rg3 Kb5 49. Re3 1/2-1/2

[Event "Politiken Cup 16th"]
[Site "Copenhagen"]
[Date "1994.??.??"]
[Round "2"]
[White "Sobjerg, Erik"]
[Black "Jensen, Soren"]
[Result "1-0"]
[WhiteElo "2265"]
[BlackElo "1990"]
[PlyCount "39"]
[EventDate "1994.06.??"]
[EventType "swiss"]
[EventRounds "10"]
[EventCountry "DEN"]
[SourceTitle "EXT 1999"]
[Source "ChessBase"]
[SourceDate "1998.11.16"]
[SourceVersion "1"]
[SourceVersionDate "1998.11.16"]
[SourceQuality "1"]

1. e4 d6 2. Nc3 g6 3. d4 Nf6 4. Bg5 Bg7 5. Qd2 c6 6. f4 d5 7. e5 Ng8 8. Be2 Qa5 9. a3 Na6 10. Nf3 Bg4 11. 0-0 Nh6 12. h3 Bd7 13. Bxe7 Nf5 14. b4 Qc7 15. Bh4 Nxh4 16. Nxh4 0-0 17. f5 b5 18. f6 Bh8 19. Qh6 Rfc8 20. Nf3 1-0

[Event "Politiken Cup 16th"]
[Site "Copenhagen"]
[Date "1994.??.??"]
[Round "4"]
[White "Varberg, Kenneth"]
[Black "Jensen, Soren"]
[Result "1/2-1/2"]
[WhiteElo "2260"]
[BlackElo "1990"]
[PlyCount "77"]
[EventDate "1994.06.??"]
[EventType "swiss"]
[EventRounds "10"]
[EventCountry "DEN"]
[SourceTitle "EXT 1999"]
[Source "ChessBase"]
[SourceDate "1998.11.16"]
[SourceVersion "1"]
[SourceVersionDate "1998.11.16"]
[SourceQuality "1"]

1. c4 e6 2. Nf3 Nf6 3. b3 Be7 4. Bb2 0-0 5. Nc3 c5 6. g3 b6 7. Bg2 Bb7 8. 0-0 d6 9. Qc2 Nc6 10. Rad1 Rc8 11. Qb1 Qc7 12. d4 Nxd4 13. Nxd4 cxd4 14. Rxd4 Bxg2 15. Kxg2 Rfd8 16. Rfd1 a6 17. Qd3 Qc6+ 18. Qf3 Qxf3+ 19. Kxf3 Kf8 20. e4 Ne8 21. R4d3 Bf6 22. R1d2 Bxc3 23. Bxc3 f6 24. Bb4 Ke7 25. a4 a5 26. Ba3 e5 27. Ke3 Rc7 28. f4 Rcd7 29. f5 Nc7 30. Kf3 Na6 31. g4 Nc5 32. Re3 g6 33. Rd1 gxf5 34. gxf5 Rg8 35. Rb1 h5 36. b4 Nxa4 37. bxa5 bxa5 38. h3 Rc8 39. Rb5 1/2-1/2